000
00226nam a22000857a 4500
008
160712b xxu||||| |||| 00| 0 eng d
100
_9
2645
_a
Shankar, A
245
_a
Sonali's Friend
260
_a
New Delhi
_b
National Book Trust
_c
2003
999
_c
2298
_d
2298